Statistics for Nickelodeon All-Star Brawl Characters

Click here to take the quiz!

General Stats

  • This quiz has been taken 60 times
    (17 since last reset)
  • The average score is 20 of 25

Answer Stats

FranchiseCharacter% Correct
CatDogCatDog
100%
Danny PhantomDanny Phantom
100%
GarfieldGarfield
100%
Spongebob SquarepantsPatrick
100%
Spongebob SquarepantsSpongebob
100%
Teenage Mutant Ninja TurtlesMichelangelo
93%
Spongebob SquarepantsSandy
93%
Avatar: The Last AirbenderAang
87%
Teenage Mutant Ninja TurtlesLeonardo
87%
The Loud HouseLincoln
87%
Invader ZimZim
87%
The Ren & Stimpy ShowRen & Stimpy
80%
Rocko’s Modern LifeRocko
80%
Jimmy NeutronHugh Neutron
73%
The Legend of KorraKorra
73%
Teenage Mutant Ninja TurtlesShredder
73%
Teenage Mutant Ninja TurtlesApril O'Neil
67%
The Loud HouseLucy
67%
Avatar: The Last AirbenderToph
67%
My Life As A Teenage RobotJenny
60%
The Wild ThornberrysNigel Thornberry
60%
The Ren & Stimpy ShowPowdered Toast Man
60%
RugratsReptar
60%
Hey Arnold!Helga
53%
Aaahh!!! Real MonstersOblina
47%

Score Distribution

Percentile by Number Answered

Percent of People with Each Score

Your Score History

You have not taken this quiz since the last reset